000 00413nam a2200169 a 4500
001 4113
003 CO-ViMGA
008 141112s2004 ck r 000 u spa d
040 _aCO-ViMGA
_bspa
_cCO-ViMGA
082 0 4 _a793.8 A384
100 1 _aAguilar, Rafael
_954510
245 1 0 _aMagia e ilusionismo
260 _aBarcelona :
_bEditors,
_c1997
300 _a153 p : il
650 1 4 _aMAGIA
_95722
942 _2ddc
_cBK
999 _c16129
_d16129